• 首页
  • 本馆介绍
  • 公告通知
  • 最新文献
  • 馆藏检索
  • 电子资源
  • 读者导购
  • 参考咨询
  • 我的图书馆
  • 登录
  • 详细信息显示
  • 放入我的书架
  • 预约/预借图书
  • 作者相关作品
  • 分类相关作品
  • 丛书相关作品
  • 出版社相关作品

书目信息

  • 表格格式
  • 工作单格式
  • 卡片格式
题名:
劳动法和社会保障法热点问题探讨
    
 
作者: ;北京市劳动和社会保障法学会 编
分册:  
出版信息: 北京   中国法制出版社  2014.3
页数: 367页
开本: 21cm
丛书名:
单 册:
中图分类: D922.504 , D922.182.34
科图分类:
主题词: 劳动法--研究--中国 , 社会保障--行政法--研究--中国 , 劳动法 , 社会保障 , 行政法
电子资源:
ISBN: 978-7-5093-5199-4
000 01282nam0 2200301 450
001 523
005 20140908082104.39
010    @a978-7-5093-5199-4@dCNY35.00
100    @a20140512d2014 em y0chiy50 ea
101 0  @achi
102    @aCN@b110000
105    @ay z 000yy
106    @ar
200 1  @a劳动法和社会保障法热点问题探讨@ALao Dong Fa He She Hui Bao Zhang Fa Re Dian Wen Ti Tan Tao@f北京市劳动和社会保障法学会编@FBei Jing Shi Lao Dong He She Hui Bao Zhang Fa Xue Hui Bian
210    @a北京@c中国法制出版社@d2014.3
215    @a367页@d21cm
300    @a北京市劳动和社会保障法学会2014年作品
330    @a本书涉及的主题包括:和谐劳动关系协调机制的理论与实践;《劳动合同法》修改及其适用问题;中国集体协商制度的现实与未来发展;《女职工劳动保护特别规定》的立法实施现状及女职工保护问题;工会机制的立法探讨;新形势下我国社会保险制度的完善;劳动争议处理的新问题及集体劳动争议的未来法律规制等。
606 0  @a劳动法@x研究@y中国
606 0  @a社会保障@x行政法@x研究@y中国
606 0  @a劳动法
606 0  @a社会保障
606 0  @a行政法
690    @aD922.504@v5
690    @aD922.182.34@v5
711 02 @a北京市劳动和社会保障法学会@ABei Jing Shi Lao Dong He She Hui Bao Zhang Fa Xue Hui@4编
801  0 @aCN@bTANGWEI@c20140603
905    @b0841079-81@dD922.504@e1157@f3
    
    劳动法和社会保障法热点问题探讨/北京市劳动和社会保障法学会编.-北京:中国法制出版社,2014.3
    367页;21cm
    北京市劳动和社会保障法学会2014年作品
    
    ISBN 978-7-5093-5199-4:CNY35.00
    本书涉及的主题包括:和谐劳动关系协调机制的理论与实践;《劳动合同法》修改及其适用问题;中国集体协商制度的现实与未来发展;《女职工劳动保护特别规定》的立法实施现状及女职工保护问题;工会机制的立法探讨;新形势下我国社会保险制度的完善;劳动争议处理的新问题及集体劳动争议的未来法律规制等。
●
相关链接 在E读中查询图书 在五车中查询图书 在当当中查询图书 在豆瓣中查询图书


正题名:劳动法和社会保障法热点问题探讨     索取号:D922.504/1157         预约/预借

序号 登录号 条形码 馆藏地/架位号 状态 备注
1 0841079   208410799   第一样本阅览室/ [索取号:D922.504/1157] 在馆    
2 0841080   208410806   第一借阅区/ [索取号:D922.504/1157] 在馆    
3 0841081   208410815   密集书库-史法系/ [索取号:D922.504/1157] 在馆    
唐山师范学院图书馆 欢迎您!
大连网信软件有限公司© 版权所有